MDQL
is popping MORE tags! Check the
thread
!
Quizzes
Events
Quiz Creation
Community
Videos
Private Events
Remove Ads
Sign In
Join for FREE
Feedback
Dark Mode
Quiz Categories
Sports
Geography
Music
Movies
Television
Just For Fun
Miscellaneous
History
Literature
Language
Science
Gaming
Entertainment
Religion
Holiday
For Kids
Quiz Lab
Recent
Popular Today
Quiz Kudos Today
Editor Picks
Curator Picks
Quizzes by...
Day
Popularity
Type
Ratings
Length
Year
Community
Subscriptions
Recent Discussions
Orange Saloon
Badges
Playlists
Quests
Create
Leaderboards
Showdown
Live 5
Trivia Bingo
Activity
Puzzle Library
Sporcle Events
Private Events
Virtual Trivia
Globe League
Become a Host
Pub Owners
SporcleCon
Opinionation
Our Games
Videos
Blog
Mobile Apps
Partnerships
Remove Ads and Go Orange
Feedback
Miscellaneous
Crossword
General Knowledge
Baby Names
Logo
Food
Cars
Numbers
Grab Bag
University
College
Popular
Company
Slogans
Restaurants
Justice
Letter
Miscellaneous
Crossword
General Knowledge
Baby Names
Logo
Food
Cars
Numbers
Grab Bag
University
College
Popular
Company
Slogans
Restaurants
Justice
Letter
Random Quiz
Search Sporcle
×
Quiz Lab
Quiz Lab
Miscellaneous
War
Type in answers that appear in a list
Type in answers that appear in a list
Classic
Best Score? Go Orange.
C-130 Variants Stats
Can you name the C-130 Variants?
By
JONESYofUC
5m
29 Questions
91 Plays
91 Plays
91 Plays
Comments
Comments
Give Quiz Kudos
Give Quiz Kudos
-
- Ratings
hide this ad
More Info
Forced Order
Answers have to be entered in order
Answers have to be entered in order
Replay
Link that replays current quiz
Next Quiz
Link to next quiz in quiz playlist
You Got
0%
They Got
Avg Score
35%
Avg Friend Score
Upgrade to see
Score Distribution
Jump to the score distribution portion of the page
Score
0/29
Timer
05:00
0
Plays Today
Variant
Name
% Correct
C-
130A/
B/
D/
E/
F/
G/
H/
J/
K/
T
Hercules
97.8%
AC-
130A/
E/
H
Spectre
72.5%
AC-
130U
Spooky II
63.7%
AC-
130J
Ghostrider
39.6%
CC-
130E/
H/
J
Hercules
35.2%
MC-
130E
Combat Talon I
35.2%
HC-
130B/
E/
H
Hercules
34.1%
EC-
130H
Compass Call
34.1%
MC-
130H
Combat Talon II
34.1%
DC-
130A/
E/
H
Hercules
33%
EC-
130E/
J
Commando Solo
33%
AC-
130W
Stinger II
31.9%
HC-
130J
Combat King II
31.9%
EC-
130V
Hercules
30.8%
HC-
130P/
N
King
30.8%
Variant
Name
% Correct
KC-
130B/
F/
H/
R/
T/
J
Hercules
30.8%
MC-
130P
Combat Shadow
30.8%
LC-
130F/
H/
R
Hercules
30.8%
JC-
130A/
B/
E/
H
Hercules
29.7%
NC-
130A/
B/
E/
H
Hercules
29.7%
EC-
130G/
Q
Hercules
28.6%
MC-
130J
Commando II
28.6%
RC-
130A/
B/
S
Hercules
27.5%
SC-
130B
Hercules
27.5%
TC-
130H
Hercules
27.5%
PC-
130H
Hercules
27.5%
MC-
130W
Combat Spear
26.4%
VC-
130B/
H
Hercules
26.4%
WC-
130B/
E/
H/
J
Hercules
26.4%
Quiz Playlist
Details
Report
Send in Message
Add To Playlist
More Info:
Can you name all the C-130 Variants?
Classic:
Type in answers that appear in a list
Forced Order:
Answers have to be entered in order
Last Updated: Feb 16, 2017
Quiz Scoreboard
CHALLENGE
Sign Up to Join the Scoreboard
Show All
Scores
Hide
Comments
May contain spoilers
Recently Published
5x2 Blitz: Bands
by SL_Kpop136
Music
30s
Colored Red Africa Blitz
by spor1
Geography
30s
Find the 'City' Movie
by crazypaving
Movies
60s
More to Explore
Quiz From the Vault
Featured Blog Post
14 Easter Pick-up Lines to Find Eggs With
hide this ad
You Might Also Like...
Tags
War Quiz
Aircraft
Air Force
Aviation
Military
Navy
USMC
Today's Top Quizzes in Miscellaneous
Browse Miscellaneous
hide this ad
Today's Top Quizzes in War
Browse War
Top Contributed Quizzes in Miscellaneous
1
5-to-1: Fast Food
2
The JOE quick-fire general knowledge quiz: Day 174
3
9x9 Crossword: Disney Movie Titles
4
9x9 Crossword: Charlie and the Chocolate Factory
5
9x9 Crossword: Pixar Movie Titles
6
9x9 Crossword: Flags
7
9x9 Crossword: 2022 Movies
8
9x9 Crossword: Nickelodeon
9
9x9 Crossword: Actors
10
9x9 Crossword: Halloween
Explore More
Trending Topics
Crossword
NBA
Harry Potter
Disney
Kpop
Marvel
Anime
NFL
WWE
The Office
Puzzle
Country
Soccer
Song
Pokémon
hide this ad
More By:
JONESYofUC
Quiz
Plays
Rating
Category
Featured
Created
7 to 1: Rivers
330
4.75
Geography
Dec 28, 2019
European Countries by Native Name
222
3.73
Geography
Feb 4, 2013
7 to 1: Mountains
184
5.00
Geography
Jan 20, 2020
US Aircraft Designation System
120
5.00
Miscellaneous
May 29, 2021
C-130 Variants
91
5.00
Miscellaneous
Feb 2, 2013
Go to Creator's Profile
Score Distribution
Quiz Creator Spotlight
JONESYofUC
Follow
Send a Message
Quizzes Created
-
Created Quiz Play Count
-
More By This Creator
Popular Quizzes Today
1
Colored Red Africa Blitz
2
Find the 'City' Movie
3
Find the US States - No Outlines Minefield
4
5x2 Blitz: Bands
5
The Countries of the World
6
Find the US States
7
US States
8
9x9 Crossword: Cartoon Network
More Miscellaneous Quizzes
Largest US Restaurant Chains in 2020
Curator's Pick
Trending Quizzes
Colored Red Europe Blitz I
Colored Red Europe Blitz II
Colored Red Africa Blitz II
Colored Red Europe Blitz III
Colored Red Africa Blitz III
Recently Updated
How Do You Spell That?
pecheneg
Godzilla Movies
pecheneg
Grab Bag: 4-10 Letters
pecheneg
2024 March Madness Bracket
pecheneg
Famous TV Couples
Peacemaker
Champions League XIs: Real Madrid
pecheneg
Largest US Cities 1790-2010
pecheneg
Rides in Walt Disney World
pecheneg
Most Oscar Losses (Acting)
pecheneg
Beyoncé Albums
pecheneg
Trending Topics
Harry Potter
Anime
Crossword
Disney
NBA
Kpop
Marvel
Country
Pokémon
Song
NFL
WWE
Soccer
The Office
Puzzle
Your Account Isn't Verified!
In order to create a playlist on Sporcle, you need to verify the email address you used during registration. Go to your
Sporcle Settings
to finish the process.
Report this User
Report this user for behavior that violates our
Community Guidelines
.
Details:
Send Report
Go to the Sporcle.com Mobile Site →
Comments